Pre-calculus mathematics

This best selling author team explains concepts simply and clearly, without glossing over difficult points. Problem solving and mathematical modeling are introduced early and reinforced throughout, providing students with a solid foundation in the principles of mathematical thinking. Comprehensive a...

وصف كامل

محفوظ في:
التفاصيل البيبلوغرافية
التنسيق: كتاب
اللغة:Undetermined
منشور في: Reading, Mass. Addison-Wesley Pub. Co. 1965
الموضوعات:
الوسوم: إضافة وسم
لا توجد وسوم, كن أول من يضع وسما على هذه التسجيلة!
Thư viện lưu trữ: Trung tâm Học liệu Trường Đại học Cần Thơ
LEADER 01011nam a2200181Ia 4500
001 CTU_186450
008 210402s9999 xx 000 0 und d
082 |a 513 
082 |b P923 
245 0 |a Pre-calculus mathematics 
245 0 |c Merrill E. Shanks ... [et al.] 
260 |a Reading, Mass. 
260 |b Addison-Wesley Pub. Co. 
260 |c 1965 
520 |a This best selling author team explains concepts simply and clearly, without glossing over difficult points. Problem solving and mathematical modeling are introduced early and reinforced throughout, providing students with a solid foundation in the principles of mathematical thinking. Comprehensive and evenly paced, the book provides complete coverage of the function concept, and integrates a significant amount of graphing calculator material to help students develop insight into mathematical ideas. 
650 |a Geometry, Analytic,Hình học, phân tích 
904 |i Qhieu 
980 |a Trung tâm Học liệu Trường Đại học Cần Thơ